Les pays plus peuplés que la France - Statistiques

Statistiques générales
  • Ce quiz a été pris 380 fois
  • Le résultat moyen est 6 sur 15
Answers on the Grid
Answers color-coded by a green-red scale on the quiz's grid according to % correct below.
Royaume-Uni
Thaïlande
Birmanie (Myanmar)
Kenya
Allemagne
Corée du Sud
Turquie
Colombie
Espagne
Ouganda
Iran
Vietnam
Tanzanie
Égypte
Soudan
Japon
Argentine
Algérie
Ukraine
Canada
Mexique
République démocratique du Congo
Afghanistan
Maroc
Russie
Italie
Éthiopie
Philippines
Afrique du Sud
Bangladesh
 
Statistiques - réponses
Réponse % Correct
83 228 580 d’habitants Allemagne
57%
71 922 848 d’habitants Thaïlande
50%
68 072 841 d’habitants Royaume-Uni
48%
143 719 551 d’habitants Russie
45%
129 849 919 d’habitants Mexique
42%
122 298 912 d’habitants Japon
40%
86 479 284 d’habitants Turquie
38%
107 331 178 d’habitants République démocratique du Congo
35%
115 382 707 d’habitants Égypte
34%
175 568 935 d’habitants Bangladesh
33%
119 989 407 d’habitants Philippines
33%
131 322 576 d’habitants Éthiopie
30%
90 118 527 d’habitants Iran
30%
99 808 889 d’habitants Vietnam
27%
70 417 832 d’habitants Tanzanie
14%
Aucun quiz correspondant
Distribution des résultats
% des personnes avec chaque résultat
Percentile par nombre de réponses
Votre historique - résultats
Vous n’avez pas pris ce quiz